000 00705nam a22001937a 4500
001 BD-DhSAU 9969
003 BD-DhSAU
005 20150625133634.0
008 150624b1987 bg ||||r|||| 000 0 ben d
040 _aBD-DhSAU
082 _222
_a---
_bফারুনূ
100 _aফারুকী, রশীদ আল
245 _aনূরন্নেছা খাতুন বিদ্যাবিনোদিনী :
_cরশীদ আল ফারুকী
_b১৮৯৪-১৯৭৫ /
260 _aঢাকা :
_bবাংলা একাডেমী,
_c১৯৮৭.
300 _a৬৮ পৃ. :
_c২১ সেমি
590 _ajoy
650 _aউপন্যাস
942 _2ddc
_cBOOK
999 _c9969
_d9968